{"text_format":"3","workbook":"xlsx","n_sheets":1,"sheets":["t635"],"read":"whole","date_system":"1900"}

{"sheet":"t635","index":0,"n_rows":164,"n_cols":7,"rows_kept":164,"merged":[[0,0,0,6],[28,0,28,5],[40,0,40,5],[140,0,140,5]]}
["TABELA 635.1 - Estatísticas Agrícolas, Município de Chavantes, Estado de São Paulo, 2016/17."]
["ITEM","UNIDADE","N.DE UPAs","MÍNIMO","MÉDIO","MÁXIMO","TOTAL"]
["Distância à sede do município","km",103,0.2,{"v":6.51,"d":"6.5"},34.6,"-"]
["Área total","hectare",103,{"v":2,"d":"2.0"},{"v":166,"d":"166.0"},{"v":1549,"d":"1,549.0"},{"v":17098.2,"d":"17,098.2"}]
["Área com cultura perene","hectare",6,0.1,{"v":4.28,"d":"4.3"},{"v":10,"d":"10.0"},25.7]
["Área com cultura temporária","hectare",80,{"v":1,"d":"1.0"},{"v":162.21,"d":"162.2"},{"v":1203.9,"d":"1,203.9"},{"v":12976.4,"d":"12,976.4"}]
["Área com pastagem","hectare",64,0.3,{"v":32.56,"d":"32.6"},{"v":220,"d":"220.0"},{"v":2084.1,"d":"2,084.1"}]
["Área com reflorestamento","hectare",3,{"v":1,"d":"1.0"},{"v":1.47,"d":"1.5"},2.4,4.4]
["Área com vegetação natural","hectare",56,0.3,{"v":18.47,"d":"18.5"},96.8,{"v":1034.1,"d":"1,034.1"}]
["Área com vegetação de brejo e várzea","hectare",45,0.2,{"v":11.73,"d":"11.7"},138.5,{"v":528,"d":"528.0"}]
["Área em descanso","hectare",3,1.5,11.3,25.4,33.9]
["Área complementar","hectare",69,0.1,{"v":5.97,"d":"6.0"},68.5,411.6]
["Área das UPAs com (0, 1] ha","hectare","-","-","-","-","-"]
["Área das UPAs com (1, 2] ha","hectare",2,{"v":2,"d":"2.0"},{"v":2,"d":"2.0"},{"v":2,"d":"2.0"},{"v":4,"d":"4.0"}]
["Área das UPAs com (2, 5] ha","hectare",7,2.4,{"v":3.47,"d":"3.5"},4.9,24.3]
["Área das UPAs com (5, 10] ha","hectare",6,{"v":6,"d":"6.0"},{"v":7.75,"d":"7.8"},9.6,46.5]
["Área das UPAs com (10, 20] ha","hectare",13,{"v":12,"d":"12.0"},{"v":15.84,"d":"15.8"},19.4,205.9]
["Área das UPAs com (20, 50] ha","hectare",23,20.5,{"v":32.54,"d":"32.5"},49.6,748.5]
["Área das UPAs com (50, 100] ha","hectare",9,52.3,{"v":79.53,"d":"79.5"},96.8,715.8]
["Área das UPAs com (100, 200] ha","hectare",16,102.9,{"v":146.01,"d":"146.0"},199.6,{"v":2336.2,"d":"2,336.2"}]
["Área das UPAs com (200, 500] ha","hectare",17,203.2,{"v":299.75,"d":"299.8"},{"v":481,"d":"481.0"},{"v":5095.7,"d":"5,095.7"}]
["Área das UPAs com (500, 1.000] ha","hectare",8,537.3,{"v":665.74,"d":"665.7"},{"v":888,"d":"888.0"},{"v":5325.9,"d":"5,325.9"}]
["Área das UPAs com (1.000, 2.000] ha","hectare",2,{"v":1046.4,"d":"1,046.4"},{"v":1297.7,"d":"1,297.7"},{"v":1549,"d":"1,549.0"},{"v":2595.4,"d":"2,595.4"}]
["Área das UPAs com (2.000, 5.000] ha","hectare","-","-","-","-","-"]
["Área das UPAs com (5.000, 10.000] ha","hectare","-","-","-","-","-"]
["Área das UPAs acima de 10.000 ha","hectare","-","-","-","-","-"]
["Fonte: Secretaria de Agricultura e Abastecimento, CDRS/IEA, Projeto LUPA."]
[]
["TABELA 635.2 - Explorações Animais, Município de Chavantes, Estado de São Paulo, 2016/17."]
["ITEM","UNIDADE","N.DE UPAs","MÍNIMO","MÉDIO","MÁXIMO","TOTAL"]
["Asininos e muares","cabecas",11,{"v":1,"d":"1.0"},{"v":4,"d":"4.0"},{"v":12,"d":"12.0"},{"v":44,"d":"44.0"}]
["Avicultura para ovos","cabecas",1,{"v":1,"d":"1.0"},{"v":1,"d":"1.0"},{"v":1,"d":"1.0"},{"v":1,"d":"1.0"}]
["Bovinocultura de corte","cabecas",29,{"v":2,"d":"2.0"},{"v":56.72,"d":"56.7"},{"v":405,"d":"405.0"},{"v":1645,"d":"1,645.0"}]
["Bovinocultura leiteira","cabecas",9,{"v":7,"d":"7.0"},{"v":29.11,"d":"29.1"},{"v":80,"d":"80.0"},{"v":262,"d":"262.0"}]
["Bovinocultura mista","cabecas",2,{"v":9,"d":"9.0"},14.5,{"v":20,"d":"20.0"},{"v":29,"d":"29.0"}]
["Equinocultura","cabecas",24,{"v":1,"d":"1.0"},{"v":3.96,"d":"4.0"},{"v":19,"d":"19.0"},{"v":95,"d":"95.0"}]
["Ovinocultura","cabecas",3,{"v":15,"d":"15.0"},{"v":35,"d":"35.0"},{"v":50,"d":"50.0"},{"v":105,"d":"105.0"}]
["Piscicultura","m2 tanques",2,{"v":2400,"d":"2,400.0"},{"v":4700,"d":"4,700.0"},{"v":7000,"d":"7,000.0"},{"v":9400,"d":"9,400.0"}]
["Fonte: Secretaria de Agricultura e Abastecimento, CDRS/IEA, Projeto LUPA."]
[]
["TABELA 635.3 -  Máquinas, Implementos e Benfeitorias, Município de Chavantes, Estado de São Paulo, 2016/17."]
["ITEM","UNIDADE","N.DE UPAs","MÍNIMO","MÉDIO","MÁXIMO","TOTAL"]
["Arado comum (bacia, aiveca)","unidade",6,{"v":1,"d":"1.0"},{"v":1,"d":"1.0"},{"v":1,"d":"1.0"},{"v":6,"d":"6.0"}]
["Arado subsolador","unidade",4,{"v":1,"d":"1.0"},{"v":1.25,"d":"1.3"},{"v":2,"d":"2.0"},{"v":5,"d":"5.0"}]
["Camara fria","unidade",1,{"v":1,"d":"1.0"},{"v":1,"d":"1.0"},{"v":1,"d":"1.0"},{"v":1,"d":"1.0"}]
["Carregadeira de cana","unidade",4,{"v":1,"d":"1.0"},{"v":1,"d":"1.0"},{"v":1,"d":"1.0"},{"v":4,"d":"4.0"}]
["Carreta de trator","unidade",15,{"v":1,"d":"1.0"},1.8,{"v":4,"d":"4.0"},{"v":27,"d":"27.0"}]
["Colhedeira automotriz","unidade",2,{"v":1,"d":"1.0"},1.5,{"v":2,"d":"2.0"},{"v":3,"d":"3.0"}]
["Computador","unidade",1,{"v":1,"d":"1.0"},{"v":1,"d":"1.0"},{"v":1,"d":"1.0"},{"v":1,"d":"1.0"}]
["Conj.irrigacao convencional","unidade",1,{"v":1,"d":"1.0"},{"v":1,"d":"1.0"},{"v":1,"d":"1.0"},{"v":1,"d":"1.0"}]
["Conjunto de fenacao","unidade",1,{"v":1,"d":"1.0"},{"v":1,"d":"1.0"},{"v":1,"d":"1.0"},{"v":1,"d":"1.0"}]
["Desintegrador, picador, triturador","unidade",3,{"v":1,"d":"1.0"},{"v":1,"d":"1.0"},{"v":1,"d":"1.0"},{"v":3,"d":"3.0"}]
["Distribuidor de calcario","unidade",5,{"v":1,"d":"1.0"},1.2,{"v":2,"d":"2.0"},{"v":6,"d":"6.0"}]
["Ensiladeira","unidade",2,{"v":1,"d":"1.0"},1.5,{"v":2,"d":"2.0"},{"v":3,"d":"3.0"}]
["Grade aradora (tipo romi)","unidade",13,{"v":1,"d":"1.0"},{"v":1.23,"d":"1.2"},{"v":2,"d":"2.0"},{"v":16,"d":"16.0"}]
["Grade niveladora","unidade",8,{"v":1,"d":"1.0"},{"v":1,"d":"1.0"},{"v":1,"d":"1.0"},{"v":8,"d":"8.0"}]
["Implementos para tracao animal","unidade",2,{"v":1,"d":"1.0"},{"v":2,"d":"2.0"},{"v":3,"d":"3.0"},{"v":4,"d":"4.0"}]
["Misturador de racao","unidade",1,{"v":1,"d":"1.0"},{"v":1,"d":"1.0"},{"v":1,"d":"1.0"},{"v":1,"d":"1.0"}]
["Pulverizador tratorizado","unidade",9,{"v":1,"d":"1.0"},{"v":1,"d":"1.0"},{"v":1,"d":"1.0"},{"v":9,"d":"9.0"}]
["Resfriador de leite, tanque expansao","unidade",1,{"v":1,"d":"1.0"},{"v":1,"d":"1.0"},{"v":1,"d":"1.0"},{"v":1,"d":"1.0"}]
["Roçadora","unidade",2,{"v":1,"d":"1.0"},1.5,{"v":2,"d":"2.0"},{"v":3,"d":"3.0"}]
["Semeadeira/plantadeira plantio direto","unidade",2,{"v":1,"d":"1.0"},{"v":2,"d":"2.0"},{"v":3,"d":"3.0"},{"v":4,"d":"4.0"}]
["Terraceador","unidade",2,{"v":1,"d":"1.0"},{"v":1,"d":"1.0"},{"v":1,"d":"1.0"},{"v":2,"d":"2.0"}]
["Trator de pneus  acima de 85 cv","unidade",15,{"v":1,"d":"1.0"},1.6,{"v":3,"d":"3.0"},{"v":24,"d":"24.0"}]
["Trator de pneus até 65 cv","unidade",12,{"v":1,"d":"1.0"},{"v":2,"d":"2.0"},{"v":12,"d":"12.0"},{"v":24,"d":"24.0"}]
["Trator de pneus de 66 cv a 85 cv","unidade",5,{"v":1,"d":"1.0"},{"v":1,"d":"1.0"},{"v":1,"d":"1.0"},{"v":5,"d":"5.0"}]
["Acude/represa","unidade",20,{"v":1,"d":"1.0"},{"v":1.85,"d":"1.9"},{"v":6,"d":"6.0"},{"v":37,"d":"37.0"}]
["Almoxarifado/oficina","unidade",3,{"v":1,"d":"1.0"},{"v":1,"d":"1.0"},{"v":1,"d":"1.0"},{"v":3,"d":"3.0"}]
["Armazem para graos ensacados","sacas",3]
["Balanca para bovinos","unidade",4,{"v":1,"d":"1.0"},{"v":1,"d":"1.0"},{"v":1,"d":"1.0"},{"v":4,"d":"4.0"}]
["Balanca para veiculos","unidade",2,{"v":1,"d":"1.0"},{"v":1,"d":"1.0"},{"v":1,"d":"1.0"},{"v":2,"d":"2.0"}]
["Barracao para granja/avicultura","unidade",1,{"v":1,"d":"1.0"},{"v":1,"d":"1.0"},{"v":1,"d":"1.0"},{"v":1,"d":"1.0"}]
["Barracao/galpao/garagem","unidade",32,{"v":1,"d":"1.0"},{"v":1.25,"d":"1.3"},{"v":4,"d":"4.0"},{"v":40,"d":"40.0"}]
["Casa de moradia habitada","unidade",40,{"v":1,"d":"1.0"},{"v":1.75,"d":"1.8"},{"v":10,"d":"10.0"},{"v":70,"d":"70.0"}]
["Casa de moradia total","unidade",67,{"v":1,"d":"1.0"},{"v":7.15,"d":"7.2"},{"v":70,"d":"70.0"},{"v":479,"d":"479.0"}]
["Curral/mangueira","unidade",36,{"v":1,"d":"1.0"},{"v":1.22,"d":"1.2"},{"v":3,"d":"3.0"},{"v":44,"d":"44.0"}]
["Deposito/tulha","unidade",25,{"v":1,"d":"1.0"},1.2,{"v":3,"d":"3.0"},{"v":30,"d":"30.0"}]
["Estabulo","unidade",6,{"v":1,"d":"1.0"},{"v":1,"d":"1.0"},{"v":1,"d":"1.0"},{"v":6,"d":"6.0"}]
["Instalacoes para equinos","unidade",1,{"v":1,"d":"1.0"},{"v":1,"d":"1.0"},{"v":1,"d":"1.0"},{"v":1,"d":"1.0"}]
["Maquina de beneficio","unidade",3,{"v":1,"d":"1.0"},{"v":1,"d":"1.0"},{"v":1,"d":"1.0"},{"v":3,"d":"3.0"}]
["Pocilga","unidade",2,{"v":1,"d":"1.0"},{"v":1,"d":"1.0"},{"v":1,"d":"1.0"},{"v":2,"d":"2.0"}]
["Poco semi-artesiano","unidade",1,{"v":1,"d":"1.0"},{"v":1,"d":"1.0"},{"v":1,"d":"1.0"},{"v":1,"d":"1.0"}]
["Secador de graos","unidade",3,{"v":1,"d":"1.0"},{"v":1,"d":"1.0"},{"v":1,"d":"1.0"},{"v":3,"d":"3.0"}]
["Silo para graos","ton",1]
["Terreiro","m2",16]
["Usina de acucar/destilaria","unidade",1,{"v":1,"d":"1.0"},{"v":1,"d":"1.0"},{"v":1,"d":"1.0"},{"v":1,"d":"1.0"}]
["Fonte: Secretaria de Agricultura e Abastecimento, CDRS/IEA, Projeto LUPA."]
[]
["TABELA 635.4 - Outras Estatísticas Agrícolas, Município de Chavantes, Estado de São Paulo, 2016/17."]
["ITEM","Número de UPAs",null,"Percentual"]
["Faz Parte de Associação de Produtores",47,null,{"v":45.631067961165044,"d":"45.6"}]
["Faz Parte de Cooperativa de Produtores",40,null,{"v":38.834951456310684,"d":"38.8"}]
["Faz Parte do Sindicato de Produtores",50,null,{"v":48.543689320388346,"d":"48.5"}]
["Não utiliza assistência técnica ",19,null,{"v":18.446601941747574,"d":"18.4"}]
["Utiliza somente assistência técnica governamental ",9,null,{"v":8.737864077669903,"d":"8.7"}]
["Utiliza somente assistência técnica privada ",63,null,{"v":61.16504854368932,"d":"61.2"}]
["Utiliza assistência técnica tanto governamental quanto privada",12,null,{"v":11.650485436893204,"d":"11.7"}]
["Utiliza Crédito Rural",27,null,{"v":26.21359223300971,"d":"26.2"}]
["Utiliza Seguro Rural",5,null,{"v":4.854368932038835,"d":"4.9"}]
["Utiliza Escrituração Agrícola",50,null,{"v":48.543689320388346,"d":"48.5"}]
["Acessa Internet p/ Fins na Agropecuária",32,null,{"v":31.06796116504854,"d":"31.1"}]
["Utiliza Computador nas Atividades Agropecuárias",30,null,{"v":29.12621359223301,"d":"29.1"}]
["Utiliza Energia Elétrica Para Uso na Atividade Agrícola",72,null,{"v":69.90291262135922,"d":"69.9"}]
["Utiliza Energia Alternativa",1,null,{"v":0.9708737864077671,"d":"1.0"}]
["Realiza Análise de Solo, quando necessário",78,null,{"v":75.72815533980582,"d":"75.7"}]
["Realiza Calagem",43,null,{"v":41.74757281553398,"d":"41.7"}]
["Utiliza Práticas de Conservação de Solo, quando necessário",78,null,{"v":75.72815533980582,"d":"75.7"}]
["Faz Adubação Mineral, quando necessário",74,null,{"v":71.84466019417475,"d":"71.8"}]
["Faz Adubação Orgânica, quando necessário",26,null,{"v":25.24271844660194,"d":"25.2"}]
["Faz Adubação Verde, quando necessário",3,null,{"v":2.9126213592233015,"d":"2.9"}]
["Utiliza Manejo Integrado de Pragas (MIP)",7,null,{"v":6.7961165048543695,"d":"6.8"}]
["Utiliza Hidroponia",1,null,{"v":0.9708737864077671,"d":"1.0"}]
["Utiliza Cultivo em Estufa",1,null,{"v":0.9708737864077671,"d":"1.0"}]
["Utiliza Mudas Fiscalizadas",33,null,{"v":32.03883495145631,"d":"32.0"}]
["Utiliza Semente Melhorada",27,null,{"v":26.21359223300971,"d":"26.2"}]
["Faz Confinamento de Bovinos",3,null,{"v":2.9126213592233015,"d":"2.9"}]
["Utiliza Pastejo Intensivo",16,null,{"v":15.53398058252427,"d":"15.5"}]
["Faz Inseminação Artificial","-",null,"-"]
["Faz Mineralização do Rebanho",38,null,{"v":36.89320388349515,"d":"36.9"}]
["Faz Vermifugação do Rebanho",38,null,{"v":36.89320388349515,"d":"36.9"}]
["Possui Parceiros /Arrendatários na Exploração Animal",3,null,{"v":2.9126213592233015,"d":"2.9"}]
["Existência de trabalhadores c/ deficiência na UPA","-",null,"-"]
["Esporte e lazer",1,null,{"v":0.9708737864077671,"d":"1.0"}]
["Extração mineral","-",null,"-"]
["Hotel Fazenda, Pousada ou SPA","-",null,"-"]
["Pesque-pague","-",null,"-"]
["Restaurante ou Lanchonete","-",null,"-"]
["Transformação artesanal","-",null,"-"]
["Turismo rural ou ecoturismo","-",null,"-"]
["Outras atividades econômicas rurais","-",null,"-"]
["Agroindústria","-",null,"-"]
["Proprietário sem instrução ou com instrução incompleta","-",null,"-"]
["Proprietário com antigo primário completo",7,null,{"v":6.7961165048543695,"d":"6.8"}]
["Proprietário com 1° grau (ou antigo ginasial) completo",17,null,{"v":16.504854368932037,"d":"16.5"}]
["Proprietário com 2° grau (ou antigo colegial) completo",23,null,{"v":22.330097087378643,"d":"22.3"}]
["Proprietário com curso superior completo ",43,null,{"v":41.74757281553398,"d":"41.7"}]
["Pessoa Jurídica",13,null,{"v":12.62135922330097,"d":"12.6"}]
["Proprietário residente na própria UPA ",11,null,{"v":10.679611650485436,"d":"10.7"}]
["Fonte: Secretaria de Agricultura e Abastecimento, CDRS/IEA, Projeto LUPA."]
[]
["TABELA 635.5 - Área Cultivada, Município de Chavantes, Estado de São Paulo, 2016/17."]
["CULTURA","N.DE UPAs","MÍNIMO","MÉDIO","MÁXIMO","TOTAL"]
["Cana-de-acucar finalidade industria",48,{"v":4,"d":"4.0"},{"v":219.57,"d":"219.6"},{"v":1203.9,"d":"1,203.9"},{"v":10539.3,"d":"10,539.3"}]
["Soja",28,9.2,{"v":76.96,"d":"77.0"},457.9,{"v":2154.9,"d":"2,154.9"}]
["Milho 2 safra",26,9.2,{"v":81.61,"d":"81.6"},457.9,{"v":2121.9,"d":"2,121.9"}]
["Braquiaria",55,0.3,{"v":28.47,"d":"28.5"},187.6,{"v":1565.7,"d":"1,565.7"}]
["Capim-jaragua",3,15.5,{"v":146.23,"d":"146.2"},{"v":220,"d":"220.0"},438.7]
["Milho safra",3,1.2,{"v":88.93,"d":"88.9"},258.4,266.8]
["Gramas",5,{"v":4,"d":"4.0"},{"v":13.84,"d":"13.8"},{"v":29,"d":"29.0"},69.2]
["Cafe",4,{"v":1,"d":"1.0"},5.9,{"v":10,"d":"10.0"},23.6]
["Mandioca",3,0.5,{"v":3.83,"d":"3.8"},9.7,11.5]
["Coloniao",2,1.5,{"v":5.25,"d":"5.3"},{"v":9,"d":"9.0"},10.5]
["Eucalipto",3,{"v":1,"d":"1.0"},{"v":1.47,"d":"1.5"},2.4,4.4]
["Cana-de-acucar outras finalidades",2,{"v":2,"d":"2.0"},2.2,2.4,4.4]
["Outras olericolas",2,0.1,{"v":1.15,"d":"1.2"},2.2,2.3]
["Pomar domestico",1,{"v":2,"d":"2.0"},{"v":2,"d":"2.0"},{"v":2,"d":"2.0"},{"v":2,"d":"2.0"}]
["Horta domestica",1,{"v":1,"d":"1.0"},{"v":1,"d":"1.0"},{"v":1,"d":"1.0"},{"v":1,"d":"1.0"}]
["Alface",1,{"v":1,"d":"1.0"},{"v":1,"d":"1.0"},{"v":1,"d":"1.0"},{"v":1,"d":"1.0"}]
["Repolho",2,0.1,0.3,0.5,0.6]
["Chuchu",1,0.5,0.5,0.5,0.5]
["Abobora (ou jerimum)",1,0.5,0.5,0.5,0.5]
["Cebolinha",1,0.1,0.1,0.1,0.1]
["Banana",1,0.1,0.1,0.1,0.1]
["Fonte: Secretaria de Agricultura e Abastecimento, CDRS/IEA, Projeto LUPA."]